Motivation, Language Identity and the L2 Self.

Salvato in:
Dettagli Bibliografici
Altri autori: Dornyei, Zoltán (Redattore), Ushioda, Ema (Redattore)
Natura: Sconosciuto
Pubblicazione: Bristol, United Kingdom: Multiligual Mattes, 2009.
Serie:Second Language Adquisition
Soggetti:
Tags: Aggiungi Tag
Nessun Tag, puoi essere il primo ad aggiungerne!!

MARC

LEADER 00000 a2200000 4500
003 CL-VaPUC
005 20240821092926.0
008 240723t2009 ||||| |||| 00| 0 eng d
999 |c 444224  |d 444222 
020 |a 978-1-84769-127-9 
040 |c Pontificia Universidad Católica de Valparaíso 
082 7 |2 22  |a 418.0071 DOR 2009 
100 |a Dornyei, Zoltán  |9 883662  |e editor 
245 |a Motivation, Language Identity and the L2 Self. 
260 |a Bristol, United Kingdom:  |b Multiligual Mattes,   |c 2009. 
300 |a xi, 364 páginas. 
440 |a Second Language Adquisition  |9 890256 
583 |k GC  |c 20240723 
650 0 |9 556822  |a Segunda lengua  |x Adquisición  |x Motivación 
700 |9 890306  |a Ushioda, Ema  |e editor 
942 |2 ddc  |c BK 
952 |0 0  |1 0  |2 ddc  |4 0  |6 418_007100000000000_DOR_2009  |7 0  |8 A  |9 595927  |a BIBEDU  |b BIBEDU  |d 2024-07-23  |e 13  |g 83062.00  |i 5662279  |l 1  |o 418.0071 DOR 2009  |p 5662279  |r 2024-09-11  |s 2024-09-11  |t 1  |v 83062.00  |w 2024-07-23  |y BK  |k LIT